[Event "23rd Hogeschool Zeeland Open 2019"]
[Site "Vlissingen"]
[Date "2019.08.10"]
[Round "9.13"]
[White "Weber, Dirk"]
[Black "Mijnster, Niels"]
[Result "1/2-1/2"]
[WhiteElo "2227"]
[BlackElo "2089"]
[Annotator "NA"]
[PlyCount "46"]
[EventDate "2019.08.03"]
[EventType "swiss"]
[EventCountry "NED"]
[SourceTitle "playchess.com"]
[Source "ChessBase"]
[SourceQuality "1"]
[TimeControl "40/5400+30:1800+30"]

1. c4 {[%emt 0:00:00]} Nf6 {[%emt 0:00:00]} 2. Nf3 {[%emt 0:00:18]} b6 {[%emt 0:01:30]} 3. g3 {[%emt 0:02:53]} Bb7 {[%emt 0:00:38]} 4. Bg2 {[%emt 0:00:17]} c5 {[%emt 0:00:24]} 5. O-O {[%emt 0:00:39]} g6 {[%emt 0:01:56]} 6. Nc3 {[%emt 0:01:41]} Bg7 {[%emt 0:00:18]} 7. Re1 {[%emt 0:01:22]} d6 {[%emt 0:04:36]} 8. d4 {[%emt 0:05:13]} cxd4 {[%emt 0:01:47]} 9. Qxd4 {[%emt 0:00:34]} O-O {[%emt 0:00:16]} 10. Qh4 {[%emt 0:00:51]} Re8 {[%emt 0:04:06]} 11. Bg5 {[%emt 0:04:12]} Nbd7 {[%emt 0:02:45]} 12. Rad1 {[%emt 0:11:22]} Rc8 {[%emt 0:00:53]} 13. b3 {[%emt 0:01:03]} Rc5 {[%emt 0:05:41]} 14. Na4 {[%emt 0:13:00]} Ra5 {[%emt 0:09:19]} 15. e4 {[%emt 0:10:24]} h6 {[%emt 0:06:24]} 16. Bxf6 {[%emt 0:00:28]} Nxf6 {[%emt 0:00:17]} 17. Qf4 {[%emt 0:05:12]} Nd7 {[%emt 0:05:29]} 18. Qd2 {[%emt 0:02:22]} Qc7 {[%emt 0:12:47]} 19. Nd4 {[%emt 0:01:49]} a6 {[%emt 0:00:43]} 20. Nc3 {[%emt 0:01:39]} Qc5 {[%emt 0:01:52]} 21. a4 {[%emt 0:02:50]} Qa3 {[%emt 0:09:36]} 22. Rb1 {[%emt 0:09:09]} Qb4 {[%emt 0:10:34]} 23. Red1 {[%emt 0:03:21]} Rc5 {[%emt 0:01:07]} 1/2-1/2

[Event "23rd Hogeschool Zeeland Open 2019"]
[Site "Vlissingen"]
[Date "2019.08.10"]
[Round "9.14"]
[White "Zevenhuizen, Daniel"]
[Black "Mityaev, Alexandr"]
[Result "0-1"]
[WhiteElo "2152"]
[BlackElo "2087"]
[Annotator "NA"]
[PlyCount "90"]
[EventDate "2019.08.03"]
[EventType "swiss"]
[EventCountry "NED"]
[SourceTitle "playchess.com"]
[Source "ChessBase"]
[SourceQuality "1"]
[TimeControl "40/5400+30:1800+30"]

1. Nf3 {[%emt 0:00:00]} d5 {[%emt 0:00:00]} 2. c4 {[%emt 0:00:00]} c6 {[%emt 0:00:00]} 3. e3 {[%emt 0:00:00]} Nf6 {[%emt 0:00:00]} 4. Nc3 {[%emt 0:00:07]} a6 {[%emt 0:00:10]} 5. b3 {[%emt 0:02:01]} g6 {[%emt 0:00:08]} 6. Bb2 {[%emt 0:08:19]} Bg7 {[%emt 0:00:14]} 7. Qc2 {[%emt 0:02:15]} Bf5 {[%emt 0:00:37]} 8. Bd3 {[%emt 0:00:19]} Bxd3 {[%emt 0:00:10]} 9. Qxd3 {[%emt 0:00:06]} O-O {[%emt 0:01:13]} 10. O-O {[%emt 0:04:25]} b5 {[%emt 0:10:16]} 11. cxb5 {[%emt 0:02:46]} cxb5 {[%emt 0:00:19]} 12. Ne5 {[%emt 0:04:51]} Qd6 {[%emt 0:12:33]} 13. f4 {[%emt 0:00:57]} Nbd7 {[%emt 0:05:39]} 14. Nxd7 {[%emt 0:11:30]} Nxd7 {[%emt 0:03:16]} 15. Rab1 {[%emt 0:00:06]} e6 {[%emt 0:08:55]} 16. Ne4 {[%emt 0:02:41]} Nc5 {[%emt 0:14:45]} 17. Nxc5 {[%emt 0:01:02]} Qxc5 {[%emt 0:00:06]} 18. Bxg7 {[%emt 0:00:06]} Kxg7 {[%emt 0:00:34]} 19. Rbc1 {[%emt 0:01:32]} Qb4 {[%emt 0:03:51]} 20. Rc7 {[%emt 0:19:05]} Qe4 {[%emt 0:06:27]} 21. Qc3+ {[%emt 0:12:07]} d4 {[%emt 0:00:28]} 22. exd4 {[%emt 0:01:34]} Kg8 {[%emt 0:01:02]} 23. Qe3 {[%emt 0:00:18]} Qd5 {[%emt 0:00:31]} 24. Rc5 {[%emt 0:02:14]} Qd6 {[%emt 0:01:39]} 25. d5 {[%emt 0:01:12]} exd5 {[%emt 0:01:30]} 26. Qd4 {[%emt 0:00:29]} Rad8 {[%emt 0:01:22]} 27. Re1 {[%emt 0:07:59]} f6 {[%emt 0:00:11]} 28. b4 {[%emt 0:00:26]} Rf7 {[%emt 0:02:30]} 29. Rec1 {[%emt 0:01:09]} Qe6 {[%emt 0:06:27]} 30. Rc6 {[%emt 0:02:54]} Qe4 {[%emt 0:00:08]} 31. Qb6 {[%emt 0:03:18]} Re8 {[%emt 0:02:08]} 32. Rxf6 {[%emt 0:03:25]} Qxb4 {[%emt 0:02:01]} 33. Rxf7 {[%emt 0:02:50]} Qxd2 {[%emt 0:04:37]} 34. Rf1 {[%emt 0:00:05]} Kxf7 {[%emt 0:00:14]} 35. Qxa6 {[%emt 0:00:08]} Qd4+ {[%emt 0:05:30]} 36. Kh1 {[%emt 0:00:05]} Qc4 {[%emt 0:00:08]} 37. Kg1 {[%emt 0:00:44]} Qc5+ {[%emt 0:00:34]} 38. Kh1 {[%emt 0:00:05]} Kg7 {[%emt 0:02:21]} 39. h3 {[%emt 0:02:44]} d4 {[%emt 0:00:38]} 40. Rd1 {[%emt 0:01:41]} Re7 {[%emt 0:03:06]} 41. Qa5 {[%emt 0:07:40]} Re2 {[%emt 0:09:17]} 42. Qd8 {[%emt 0:02:15]} Re4 {[%emt 0:03:01]} 43. Qb8 {[%emt 0:02:57]} Qd5 {[%emt 0:04:50]} 44. f5 {[%emt 0:14:44]} Qxf5 {[%emt 0:00:49]} 45. Rxd4 {[%emt 0:00:29]} Rxd4 {[%emt 0:00:51]} 0-1

[Event "23rd Hogeschool Zeeland Open 2019"]
[Site "Vlissingen"]
[Date "2019.08.10"]
[Round "9.15"]
[White "Leenhouts, Koen"]
[Black "Kraemer, Max"]
[Result "1-0"]
[WhiteElo "2426"]
[BlackElo "2041"]
[Annotator "NA"]
[PlyCount "40"]
[EventDate "2019.08.03"]
[EventType "swiss"]
[EventCountry "NED"]
[SourceTitle "playchess.com"]
[Source "ChessBase"]
[SourceQuality "1"]
[TimeControl "40/5400+30:1800+30"]

1. d4 {[%emt 0:00:00]} d5 {[%emt 0:00:00]} 2. c4 {[%emt 0:00:00]} e6 {[%emt 0:00:00]} 3. Nc3 {[%emt 0:00:00]} Nf6 {[%emt 0:00:00]} 4. cxd5 {[%emt 0:00:00]} exd5 {[%emt 0:00:00]} 5. Bg5 {[%emt 0:00:01]} Be7 {[%emt 0:00:13]} 6. Qc2 {[%emt 0:00:12]} c6 {[%emt 0:04:19]} 7. e3 {[%emt 0:00:18]} Nh5 {[%emt 0:00:45]} 8. Bxe7 {[%emt 0:00:24]} Kxe7 {[%emt 0:02:36]} 9. Nf3 {[%emt 0:04:42]} g6 {[%emt 0:01:39]} 10. Bd3 {[%emt 0:00:35]} Re8 {[%emt 0:03:21]} 11. O-O-O {[%emt 0:03:57]} Kf8 {[%emt 0:04:23]} 12. h3 {[%emt 0:06:10]} Be6 {[%emt 0:01:56]} 13. g4 {[%emt 0:02:34]} Ng7 {[%emt 0:00:07]} 14. Rdg1 {[%emt 0:03:25]} Nd7 {[%emt 0:00:43]} 15. h4 {[%emt 0:01:25]} c5 {[%emt 0:04:48]} 16. h5 {[%emt 0:03:01]} c4 {[%emt 0:01:24]} 17. Be2 {[%emt 0:00:23]} gxh5 {[%emt 0:06:55]} 18. Qxh7 {[%emt 0:01:23]} Nf6 {[%emt 0:00:56]} 19. Qh8+ {[%emt 0:00:35]} Ng8 {[%emt 0:00:45]} 20. gxh5 {[%emt 0:00:19]} Bc8 {[%emt 1:05:10]} 1-0

[Event "23rd Hogeschool Zeeland Open 2019"]
[Site "Vlissingen"]
[Date "2019.08.10"]
[Round "9.16"]
[White "Hng, Mei-En Emmanuelle"]
[Black "Van Baar, Esper"]
[Result "1/2-1/2"]
[WhiteElo "2026"]
[BlackElo "2108"]
[Annotator "NA"]
[PlyCount "141"]
[EventDate "2019.08.03"]
[EventType "swiss"]
[EventCountry "NED"]
[SourceTitle "playchess.com"]
[Source "ChessBase"]
[SourceQuality "1"]
[TimeControl "40/5400+30:1800+30"]

1. e4 {[%emt 0:00:00]} c5 {[%emt 0:00:05]} 2. d4 {[%emt 0:00:00]} cxd4 {[%emt 0:00:10]} 3. c3 {[%emt 0:00:00]} Nf6 {[%emt 0:00:05]} 4. e5 {[%emt 0:00:07]} Nd5 {[%emt 0:00:07]} 5. Qxd4 {[%emt 0:00:08]} e6 {[%emt 0:02:02]} 6. Nf3 {[%emt 0:00:19]} Nc6 {[%emt 0:03:09]} 7. Qe4 {[%emt 0:00:18]} d6 {[%emt 0:00:58]} 8. exd6 {[%emt 0:01:31]} Nf6 {[%emt 0:04:30]} 9. Qc2 {[%emt 0:02:50]} Bxd6 {[%emt 0:00:54]} 10. Bd3 {[%emt 0:02:06]} h6 {[%emt 0:03:12]} 11. O-O {[%emt 0:04:23]} O-O {[%emt 0:00:15]} 12. Nbd2 {[%emt 0:01:13]} Qc7 {[%emt 0:02:54]} 13. Nc4 {[%emt 0:04:17]} Be7 {[%emt 0:02:02]} 14. a4 {[%emt 0:04:53]} b6 {[%emt 0:01:37]} 15. b4 {[%emt 0:08:26]} Bb7 {[%emt 0:02:46]} 16. Ne3 {[%emt 0:05:25]} Rac8 {[%emt 0:03:38]} 17. Bb2 {[%emt 0:03:00]} Ne5 {[%emt 0:04:49]} 18. Nxe5 {[%emt 0:04:34]} Qxe5 {[%emt 0:00:05]} 19. Qe2 {[%emt 0:03:26]} Qf4 {[%emt 0:12:31]} 20. f3 {[%emt 0:06:33]} Nd5 {[%emt 0:03:14]} 21. Nxd5 {[%emt 0:05:17]} Bxd5 {[%emt 0:00:42]} 22. g3 {[%emt 0:03:00]} Qc7 {[%emt 0:00:40]} 23. Rfd1 {[%emt 0:03:11]} Bf6 {[%emt 0:06:45]} 24. a5 {[%emt 0:09:07]} Qc6 {[%emt 0:07:21]} 25. Kg2 {[%emt 0:06:48]} Bxc3 {[%emt 0:01:47]} 26. Rac1 {[%emt 0:05:09]} Bxf3+ {[%emt 0:00:15]} 27. Qxf3 {[%emt 0:00:07]} Qxf3+ {[%emt 0:00:02]} 28. Kxf3 {[%emt 0:00:06]} Bxb2 {[%emt 0:00:05]} 29. Rxc8 {[%emt 0:00:30]} Rxc8 {[%emt 0:00:04]} 30. a6 {[%emt 0:01:45]} Kf8 {[%emt 0:02:44]} 31. Bb5 {[%emt 0:04:19]} Rc7 {[%emt 0:01:43]} 32. Rd8+ {[%emt 0:04:19]} Ke7 {[%emt 0:00:04]} 33. Re8+ {[%emt 0:00:04]} Kf6 {[%emt 0:02:06]} 34. Bd3 {[%emt 0:01:45]} Ke5 {[%emt 0:01:13]} 35. Rb8 {[%emt 0:01:51]} f5 {[%emt 0:03:45]} 36. Rb7 {[%emt 0:00:51]} Kd6 {[%emt 0:00:11]} 37. Rb8 {[%emt 0:00:19]} g6 {[%emt 0:09:27]} 38. Rg8 {[%emt 0:01:22]} Rg7 {[%emt 0:01:45]} 39. Rd8+ {[%emt 0:01:16]} Rd7 {[%emt 0:00:41]} 40. Rg8 {[%emt 0:02:28]} Bg7 {[%emt 0:04:46]} 41. g4 {[%emt 0:32:54]} Rc7 {[%emt 0:32:28]} 42. h4 {[%emt 0:00:00]} Ke5 {[%emt 0:00:00]} 43. h5 {[%emt 0:00:00]} g5 {[%emt 0:00:00]} 44. gxf5 {[%emt 0:00:00]} exf5 {[%emt 0:00:00]} 45. Re8+ {[%emt 0:00:00]} Kf6 {[%emt 0:00:00]} 46. Rd8 {[%emt 0:00:00]} Ke7 {[%emt 0:00:00]} 47. Rg8 {[%emt 0:00:00]} Kf7 {[%emt 0:00:00]} 48. Ra8 {[%emt 0:00:00]} Ke6 {[%emt 0:00:00]} 49. Re8+ {[%emt 0:00:00]} Kd5 {[%emt 0:00:00]} 50. Rd8+ {[%emt 0:00:00]} Ke5 {[%emt 0:00:00]} 51. Re8+ {[%emt 0:00:00]} Kd4 {[%emt 0:01:15]} 52. Rd8+ {[%emt 0:00:00]} Kc3 {[%emt 0:00:04]} 53. b5 {[%emt 0:00:00]} Bf6 {[%emt 0:10:36]} 54. Rd5 {[%emt 0:00:00]} Bd4 {[%emt 0:04:36]} 55. Bxf5 {[%emt 0:00:05]} Rc5 {[%emt 0:01:19]} 56. Ke4 {[%emt 0:02:24]} Bg1 {[%emt 0:01:44]} 57. Rd1 {[%emt 0:02:34]} Bh2 {[%emt 0:00:17]} 58. Bd7 {[%emt 0:01:56]} g4 {[%emt 0:00:32]} 59. Rc1+ {[%emt 0:00:23]} Kb4 {[%emt 0:00:40]} 60. Rxc5 {[%emt 0:01:05]} Kxc5 {[%emt 0:00:30]} 61. Bc6 {[%emt 0:00:17]} Bd6 {[%emt 0:00:36]} 62. Ke3 {[%emt 0:00:12]} Kc4 {[%emt 0:00:32]} 63. Ke2 {[%emt 0:00:18]} Kd4 {[%emt 0:00:13]} 64. Kf2 {[%emt 0:00:27]} Ke5 {[%emt 0:00:10]} 65. Kg2 {[%emt 0:00:25]} Kf5 {[%emt 0:00:13]} 66. Bd7+ {[%emt 0:00:27]} Kg5 {[%emt 0:00:07]} 67. Be8 {[%emt 0:00:03]} Kh4 {[%emt 0:00:16]} 68. Bf7 {[%emt 0:00:08]} g3 {[%emt 0:00:05]} 69. Be8 {[%emt 0:00:08]} Kg4 {[%emt 0:00:04]} 70. Bf7 {[%emt 0:00:06]} Kf4 {[%emt 0:00:05]} 71. Be8 {[%emt 0:00:07]} 1/2-1/2